Five Most Populous Countries by Continent - 1500 - Statistics

General Stats
  • This quiz has been taken 611 times
  • The average score is 17 of 20
Answer Stats
Hint Answer % Correct
180,000,000 China
99%
170,000,000 India
98%
11,000,000 France
95%
5,000,000 Russia
94%
10,000,000 Germany
93%
12,000,000 Mexico
92%
5,000,000 Spain
92%
2,000,000 United States
91%
4,000,000 Egypt
90%
6,000,000 Italy
90%
12,000,000 Japan
90%
6,000,000 Nigeria
84%
9,000,000 Indonesia
81%
6,000,000 Peru
80%
5,000,000 D.R.Congo
76%
3,000,000 Morocco
70%
10,000,000 Bangladesh
63%
3,000,000 Sudan
63%
2,000,000 Guatemala
60%
2,000,000 Ecuador
54%
No matching quizzes found
Score Distribution
Percent of People with Each Score
Percentile by Number Answered
Your Score History
You have not taken this quiz